Tiere von A-Z die jeder kennen sollte - Statistiken

Allgemein
  • Dieses Quiz wurde 189 mal gespielt
  • Das Durchschnittsergebnis liegt bei 22 aus 26
Antwortstatistiken
Bildquiz Antwort % Korrekt
Elefant
98%
Fuchs
98%
Alpaka
97%
gorilla
97%
Hase
97%
Igel
96%
Dino
95%
Löwe
94%
Biber
92%
Känguru
92%
Nashorn
91%
Marienkäfer
90%
Jaguar
88%
Papagei
86%
Otter
85%
Qualle
85%
Tiger
84%
Schlange
83%
Uhu
81%
Reh
77%
Zebra
75%
Vogel
74%
Walross
74%
Yak
68%
X
63%
Chameleon
60%
Keine übereinstimmenden Quizze gefunden
Verteilung der Resultate
Anzahl Personen mit jedem Resultat
Perzentil nach korrekt beantworteten Fragen
Ihre Resultats-Entwicklung
Sie haben dieses Quiz noch nicht gespielt